LEADER 01975nam 2200421 n 450 001 996391857903316 005 20200824121902.0 035 $a(CKB)4940000000108616 035 $a(EEBO)2248552446 035 $a(UnM)99863737e 035 $a(UnM)99863737 035 $a(EXLCZ)994940000000108616 100 $a19930618d1642 uy | 101 0 $aeng 135 $aurbn||||a|bb| 200 12$aA catalogue of the dukes, marquesses, earles, viscounts, barons, of the kingdomes of England, Scotland, and Ireland, with their names, sirnames, and titles of honour$b[electronic resource] $eWith the Knights of the Garter, knight baronets of England, and Scotland, Knights of the Bath, from the first of King Iames, and knight bachelors, from the first of King Charles, to this present. /$fCollected by T.W 210 $aPrinted at London $cby I. Dawson, for Thomas Walkley, and are to be sold at his shop, at the signe of the Flying Horse, betweene Yorke-house, and Brittains-Burse$d1642 215 $a[8], 163, [1] p 300 $aT.W. = Thomas Walkley. 300 $aAn updated edition of: A most exact catalogue of the nobilitie of England, Scotland, and Ireland. 300 $aThe first leaf is blank. 300 $aReproduction of the original in the British Library. 330 $aeebo-0018 606 $aNobility$zEngland$vRegisters$vEarly works to 1800 606 $aNobility$zScotland$vRegisters$vEarly works to 1800 606 $aNobility$zIreland$vRegisters$vEarly works to 1800 615 0$aNobility 615 0$aNobility 615 0$aNobility 700 $aWalkley$b Thomas$fd. 1658?$01003409 801 0$bCu-RivES 801 1$bCu-RivES 801 2$bCStRLIN 801 2$bWaOLN 906 $aBOOK 912 $a996391857903316 996 $aA catalogue of the dukes, marquesses, earles, viscounts, barons, of the kingdomes of England, Scotland, and Ireland, with their names, sirnames, and titles of honour$92389572 997 $aUNISA LEADER 01399nam 2200385 n 450 001 996385170103316 005 20221108080003.0 035 $a(CKB)1000000000609966 035 $a(EEBO)2240940382 035 $a(UnM)9928588800971 035 $a(UnM)99834597 035 $a(EXLCZ)991000000000609966 100 $a19970507d1699 uy | 101 0 $aeng 135 $aurbn||||a|bb| 200 04$aThe art of memory$b[electronic resource] $eA treatise useful for all, especially such as are to speak in publick. The second edition corrected and enlarged. By Marius D'Assigny, B.D 210 $a[Edinburgh] $cLondon printed, and Edinburgh re-printed by John Reid younger. Sold at his printing-house in Liberton's Wynd$d[1699?] 215 $axvi, [2], 110 p 300 $aDate of publication from Wing CD-ROM. 300 $aReproduction of original in the University of Illinois (Urbana-Champaign Campus). Library. 330 $aeebo-0167 606 $aMnemonics$vEarly works to 1800 606 $aMemory$vEarly works to 1800 606 $aPublic speaking$vEarly works to 1800 615 0$aMnemonics 615 0$aMemory 615 0$aPublic speaking 700 $aD'Assigny$b Marius$f1643-1717.$01004201 801 0$bCu-RivES 801 1$bCu-RivES 801 2$bWaOLN 906 $aBOOK 912 $a996385170103316 996 $aThe art of memory$92326058 997 $aUNISA